000 00500cam a22001814a 4500
003 OSt
008 241231b |||||||| |||| 00| 0 eng d
020 _a0521833450
020 _a9780521541053 (pbk.)
082 0 0 _a621.366
_bSIL/LA
100 1 _aSilfvast, William Thomas,
_96666
245 1 0 _aLaser fundamentals /
250 _a2nd ed. Indian
260 _aCambridge ;
_aNew York :
_bCambridge University Press,
_c2012.
300 _axxiv, 642 p. :
_bill. ;
650 0 _aLasers.
_96667
942 _cBK
999 _c13952
_d13952